| 000 | 01391nam a2200229Ia 4500 | ||
|---|---|---|---|
| 999 |
_c51963 _d51963 |
||
| 001 | 18964 | ||
| 003 | GE_BSU | ||
| 005 | 20220920160151.0 | ||
| 008 | 181216s2008||||ge |||||||||||||| ||geo|| | ||
| 040 | _cGE_BSU | ||
| 041 | _ageo | ||
| 080 | _a778.5 ც-96 | ||
| 100 |
_aცქვიტინიძე, ნ. _910689 |
||
| 245 |
_aაღზრდის პრობლემები მეოცე საუკუნის მეორე ნახევრის ქართულ კინემატოგრაფიაში : დისერტაცია / _cნ. ცქვიტინიძე; მეცნ. ხელმძღვანელი ლ. ოჩიაური; ბათუმის შოთა რუსთაველის სახ-ფო უნ-ტი. |
||
| 264 |
_aბათუმი : _bბათუმის შოთა რუსთაველის სახ. უნ-ტი, _c2008. |
||
| 300 |
_a159 გვ. _b30 სმ. |
||
| 653 | _aაღზრდის პრობლემები მეოცე საუკუნის მეორე ნახევრის ქართულ კინემატოგრაფიაში | ||
| 653 | _aდისერტაცია | ||
| 653 | _aხელოვნება | ||
| 700 |
_aოჩიაური, ლ. _eმეცნ. ხელმძღვანელი _910690 |
||
| 942 |
_cBK _2udc |
||